| 000 | 00991cab a2200301 4500 | ||
|---|---|---|---|
| 001 | ABS48208 | ||
| 008 | 090401t1993 xxu||||| |||| 00| 0 eng d | ||
| 035 | _a(Sirsi) u65466 | ||
| 041 | _aeng | ||
| 100 | _aTurner, N. | ||
| 245 | _aEnvironmental management - new role for surveyors | ||
| 260 | _c1993 | ||
| 350 | _a0 | ||
| 490 |
_aEstates Gazette _v(9312) 27 March 1993, 98-99(2) |
||
| 520 | _aOutlines why surveyors should take a leading role in implementation of environmental policy and illustrates how it could affect property investment decisions in the future. | ||
| 650 | _aABOUT RICS-RICS MEMBERS | ||
| 650 | _aCONTAMINATED LAND | ||
| 650 | _aENVIRONMENTAL MANAGEMENT SYSTEMS | ||
| 650 | _aENVIRONMENTALLY BENIGN BUILDINGS | ||
| 650 | _aFINANCIAL INSTITUTIONS | ||
| 650 | _aSUSTAINABLE DEVELOPMENT | ||
| 650 | _aVALUES | ||
| 690 | _aENVIRONMENTAL AND LAND CONSULTANCY | ||
| 700 | _aGronow, S. | ||
| 700 | _aPrescott, G. | ||
| 942 | _n0 | ||
| 948 | _c04/03/1997 | ||
| 999 |
_c40822 _d40822 |
||